The noble scholar, jurist, historian


 His Excellency Dr. Abdul Wahhab bin Ibrahim Abu Sulaiman, may Allah have mercy on him.


 He was born in Umm Al-Qura in the year 1356 AH.

رسالة بغية الراغبين وقرة عين أهل البلد الأمين فيما يتعلق بعين الجوهرة السيدة زبيدة أم الأمين / (Record no. 14341)

MARC details
000 -LEADER
fixed length control field 02019cam a2200313 i 4500
003 - CONTROL NUMBER IDENTIFIER
control field SA-RiAUC
005 - DATE AND TIME OF LATEST TRANSACTION
control field 20260215134702.0
008 - FIXED-LENGTH DATA ELEMENTS--GENERAL INFORMATION
fixed length control field 260215s1912 su g 00000 ara c
040 ## - CATALOGING SOURCE
Original cataloging agency SA-RiAUC
Language of cataloging ara
Transcribing agency SA-RiAUC
Description conventions rda
043 ## - GEOGRAPHIC AREA CODE
Geographic area code a-su---
082 04 - DEWEY DECIMAL CLASSIFICATION NUMBER
Classification number 953.121
090 ## - LOCALLY ASSIGNED LC-TYPE CALL NUMBER (OCLC); LOCAL CALL NUMBER (RLIN)
Classification number (OCLC) (R) ; Classification number, CALL (RLIN) (NR) م ن 953.12104 ز و ا
Local cutter number (OCLC) ; Book number/undivided call number, CALL (RLIN) ز و ا
100 1# - MAIN ENTRY--PERSONAL NAME
Personal name الزواوي، عبد الله محمد صالح،
Dates associated with a name 1266-1343 هجري
Relator term مؤلف.
245 10 - TITLE STATEMENT
Title رسالة بغية الراغبين وقرة عين أهل البلد الأمين فيما يتعلق بعين الجوهرة السيدة زبيدة أم الأمين /
Statement of responsibility, etc. تأليف عبد الله محمد صالح الزواوي.
250 ## - EDITION STATEMENT
Edition statement الطبعة الأولى.
264 #1 - PRODUCTION, PUBLICATION, DISTRIBUTION, MANUFACTURE, AND COPYRIGHT NOTICE
Place of production, publication, distribution, manufacture [مكان النشر غير محدد] :
Name of producer, publisher, distributor, manufacturer [الناشر غير محدد]،
Date of production, publication, distribution, manufacture, or copyright notice 1912
264 #3 - PRODUCTION, PUBLICATION, DISTRIBUTION, MANUFACTURE, AND COPYRIGHT NOTICE
Place of production, publication, distribution, manufacture مكة المكرمة :
Name of producer, publisher, distributor, manufacturer المطبعة الخيرية
300 ## - PHYSICAL DESCRIPTION
Extent 48 صفحة ؛
Dimensions 30 سم
336 ## - CONTENT TYPE
Content type term نص
Content type code txt
Source rdacontent
Materials specified كتاب
337 ## - MEDIA TYPE
Media type term بدون وسيط
Media type code n
Source rdamedia
338 ## - CARRIER TYPE
Carrier type term مجلد
Carrier type code nc
Source rdacarrier
520 0# - SUMMARY, ETC.
Summary, etc. هذه الرسالة تشتمل على ذكر أحوال عين زبيدة التي يستقي منها أهل مكة المكرمة حرسها الله تعالى ومالها من المنافع العمومية للقاطنين بتلك البقاع المقدسة والوافدين عليها من جميع الأقطار مع بيان الاصلاحات والتعميرات المفيدة التي أحدثتها اللجنة المشكلة لذلك تحت رعاية أمير مكة وذكر مباحث إضافية تتعلق بخطط هذا البلد الأمين.
650 #7 - SUBJECT ADDED ENTRY--TOPICAL TERM
Topical term or geographic name entry element المياه الجوفية
Geographic subdivision السعودية
Source of heading or term aucsh
651 #7 - SUBJECT ADDED ENTRY--GEOGRAPHIC NAME
Geographic name عين زبيدة (السعودية)
General subdivision آثار
Source of heading or term aucsh
856 4# - ELECTRONIC LOCATION AND ACCESS
Uniform Resource Identifier <a href="http://10.10.10.21/hipres/7549/book.Web/bookTestPage.html">http://10.10.10.21/hipres/7549/book.Web/bookTestPage.html</a>
856 4# - ELECTRONIC LOCATION AND ACCESS
Uniform Resource Identifier <a href="http://10.0.0.80:1112/Abdulrahman/7549.pdf">http://10.0.0.80:1112/Abdulrahman/7549.pdf</a>
942 ## - ADDED ENTRY ELEMENTS (KOHA)
Source of classification or shelving scheme Dewey Decimal Classification
Koha item type كتاب مصور نادر
Suppress in OPAC No
949 ## - LOCAL PROCESSING INFORMATION (OCLC)
a SA-JeALM
d 260215
u mohamedma123
n 1
Holdings
Withdrawn status Lost status Source of classification or shelving scheme Damaged status Not for loan Home library Current library Date acquired Total checkouts Full call number Barcode Date last seen Price effective from Koha item type
    Dewey Decimal Classification     DR AbdElwahab Library DR AbdElwahab Library 02/15/2026   م ن 953.12104 ز و ا 000022755 02/15/2026 02/15/2026 كتاب مصور نادر
    Dewey Decimal Classification     DR AbdElwahab Library DR AbdElwahab Library 02/21/2026   م ن 953.12104 ز و ا 000022879 02/21/2026 02/21/2026 كتاب مصور نادر
    Dewey Decimal Classification     DR AbdElwahab Library DR AbdElwahab Library 03/16/2026   م ن 953.12104 ز و ا 000023161 03/16/2026 03/16/2026 كتاب مصور نادر